| 000 | 00375nam a2200121Ia 4500 | ||
|---|---|---|---|
| 008 | 190722s9999 xx 000 0 und d | ||
| 020 | _a978-81-315-2181-6 | ||
| 100 | _aBarbee Davis | ||
| 245 | 0 | _aAgile Practices for Waterfall Projects (Shifting Processes for Competitive Advantage) | |
| 260 |
_aNew Delhi _bCengage Learning India Pvtt. Ltd. _c2014 |
||
| 300 | _a346 | ||
| 942 | _cBK | ||
| 999 |
_c255 _d255 |
||